000
00270nam a2200109Ia 4500
008
220204s9999 xx 000 0 und d
082
_a
331.556
_b
ULL
245
0
_a
Suburban economic network
260
_a
New York
_b
Praeger
_c
1977
700
_a
ULLMANN, John E
942
_c
BK
999
_c
31884
_d
31884